Countries Francois Hollande has visited - Statistics

General Stats
  • This quiz has been taken 49 times
  • The average score is 61 of 81
Answer Stats
Continent Country % Correct
Oceania Australia
100%
Africa Algeria
96%
South America Argentina
96%
North America Canada
96%
Asia China
96%
Europe United Kingdom
96%
Asia Japan
92%
South America Brazil
88%
Europe Germany
88%
Europe Ireland
88%
North America Mexico
88%
Europe Portugal
88%
Asia/ Europe Russia
88%
Europe Spain
88%
Europe Switzerland
88%
Europe Ukraine
88%
North America United States of America
88%
Africa Angola
85%
Asia Armenia
85%
Europe Belarus
85%
Europe Belgium
85%
South America Colombia
85%
Africa D. R. Congo
85%
Asia India
85%
Asia Israel
85%
Europe Italy
85%
Europe Latvia
85%
Europe Norway
85%
Europe Poland
85%
Asia/ Europe Turkey
85%
North America Cuba
81%
Europe Czech Republic
81%
Europe Greece
81%
Europe Lithuania
81%
Europe Monaco
81%
Europe Romania
81%
Asia Saudi Arabia
81%
Africa South Africa
81%
Europe the Netherlands
81%
Africa Tunisia
81%
Asia United Arab Emirates
81%
Europe Vatican City
81%
Asia Vietnam
81%
Asia Afghanistan
77%
South America Chile
77%
Europe Iceland
77%
Asia Lebanon
77%
Europe Luxembourg
77%
Africa Morocco
77%
Europe Slovenia
77%
Africa Egypt
73%
Asia Jordan
73%
Africa Niger
73%
South America Peru
73%
Europe Slovakia
73%
Asia South Korea
73%
South America Uruguay
73%
Asia Azerbaijan
69%
Asia Georgia
69%
Asia Malaysia
69%
Europe Malta
69%
Asia Qatar
69%
Africa Senegal
69%
Asia Iraq
65%
Africa Benin
62%
Africa Cameroon
62%
Africa Chad
62%
Asia Singapore
62%
Europe Cyprus
58%
Africa Guinea
58%
Africa Mali
58%
Africa Nigeria
58%
Asia the Philippines
58%
Africa Central African Republic
54%
Africa Ethiopia
54%
Asia Kazakhstan
50%
North America Haiti
46%
Africa Madagascar
46%
Africa Comoros
42%
Africa Ivory Coast
42%
Asia Palestine
35%
No matching quizzes found
Score Distribution
Percent of People with Each Score
Percentile by Number Answered
Your Score History
You have not taken this quiz